000 00643cam a22001935a 4500
001 ##J100701
008 000000s1909 000 0 eng u
035 _a(Sirsi) u100701
041 0 _aeng
050 0 4 _a333.062 $2 18
110 2 _aAuctioneers' Institute of the United Kingdom
_93785
245 0 0 _aExaminations
260 _aLondon
_bAuctioneers' Institute of the United Kingdom
_c1909
300 _a23p.
_c21cm.
520 _aDetails of the preliminary, intermediate, final and direct final examinations held in May 1909.
651 4 _aUnited Kingdom
_y
690 _aCAREERS, EDUCATION AND TRAINING-QUALIFICATION ROUTES
942 _n0
999 _c99762
_d99762